[Event "ch-RUS Rapid 2016"]
[Site "Sochi RUS"]
[Date "2016.10.02"]
[Round "4.13"]
[White "Paravyan, David"]
[Black "Romanov, Evgeny"]
[Result "1-0"]
[WhiteTitle "IM"]
[BlackTitle "GM"]
[WhiteElo "2528"]
[BlackElo "2619"]
[WhiteFideId "4194985"]
[BlackFideId "4148843"]
[EventDate "2016.10.02"]

1. e4 e5 2. Nf3 Nc6 3. Bb5 a6 4. Ba4 Nf6 5. O-O Be7 6. Re1 b5 7. Bb3 d6 8. c3
O-O 9. h3 Na5 10. Bc2 c5 11. d4 Nd7 12. Nbd2 exd4 13. cxd4 Re8 14. Nf1 Nc6 15.
d5 Nce5 16. N3h2 Bh4 17. Re2 c4 18. Be3 Qc7 19. f4 Ng6 20. Qd2 Nc5 21. Bd4 Bd7
22. Nf3 Bd8 23. Ng3 Qa7 24. Nf5 Bxf5 25. exf5 Rxe2 26. Qxe2 Nf8 27. Kh2 Nfd7 28.
Qe8+ Nf8 29. Qc6 Nfd7 30. Re1 Bf6 31. Qxd6 Bxd4 32. Nxd4 Qb8 33. Qxb8+ Rxb8 34.
Nc6 Ra8 35. b4 cxb3 36. axb3 Kf8 37. b4 Nb7 38. Re7 1-0

[Event "ch-RUS Rapid 2016"]
[Site "Sochi RUS"]
[Date "2016.10.02"]
[Round "4.14"]
[White "Matinian, Nikita"]
[Black "Levin, Evgeny A."]
[Result "1/2-1/2"]
[WhiteTitle "IM"]
[BlackTitle "GM"]
[WhiteElo "2495"]
[BlackElo "2505"]
[WhiteFideId "24129100"]
[BlackFideId "4182596"]
[EventDate "2016.10.02"]

1. e4 Nf6 2. e5 Nd5 3. d4 d6 4. c4 Nb6 5. f4 dxe5 6. fxe5 Bf5 7. Nc3 e6 8. Nf3
Be7 9. Be3 Nc6 10. Be2 O-O 11. O-O f6 12. exf6 Bxf6 13. Qd2 Qe8 14. Bg5 Rd8 15.
Bxf6 Rxf6 16. Qe3 Bg4 17. Ne4 Rf8 18. Rad1 Bxf3 19. Rxf3 Rxf3 20. gxf3 e5 21.
Qg5 Kh8 22. c5 Nd5 23. dxe5 Nxe5 24. Kh1 h6 1/2-1/2

[Event "ch-RUS Rapid 2016"]
[Site "Sochi RUS"]
[Date "2016.10.02"]
[Round "4.15"]
[White "Dubov, Daniil"]
[Black "Nazaretyan, Tigran"]
[Result "1-0"]
[WhiteTitle "GM"]
[WhiteElo "2648"]
[BlackElo "2308"]
[WhiteFideId "24126055"]
[BlackFideId "24162345"]
[EventDate "2016.10.02"]

1. c4 Nf6 2. Nc3 e5 3. Nf3 Nc6 4. g3 g6 5. Bg2 Bg7 6. d4 exd4 7. Nxd4 O-O 8. O-O
Ne5 9. b3 d6 10. Bb2 Re8 11. Rc1 c6 12. h3 a5 13. e3 Ned7 14. Qc2 Nc5 15. Rcd1
Qb6 16. a3 Bd7 17. Ba1 Rad8 18. Rb1 Ne6 19. Nf3 Qc5 20. Na4 Qa7 21. Rbd1 b5 22.
cxb5 cxb5 23. Nc3 Qc5 24. Qb1 Qxa3 25. Nd2 Nc5 26. Bb2 Qb4 27. Na2 Bf5 28. e4
Nfxe4 29. Nxb4 Nxd2 30. Qa2 Nxf1 31. Bxg7 Kxg7 32. Qb2+ Kg8 33. Nd5 Nd3 34. Rxd3
Bxd3 35. Nf6+ Kf8 36. Nxh7+ Kg8 37. Nf6+ Kf8 38. Nxe8 Rxe8 39. Qh8+ Ke7 40. Qd4
Nxg3 41. fxg3 Bf5 42. Qa7+ Ke6 43. Qe3+ Kd7 44. Bc6+ Kxc6 45. Qxe8+ Kc5 46. Qe1
b4 47. Qe3+ Kb5 48. Qd4 Be6 49. Qd3+ Kc5 50. Kf2 a4 51. bxa4 b3 52. Qb5+ Kd4 53.
a5 Bc4 54. Qb4 Kd3 55. Ke1 d5 56. Qd2+ Ke4 57. Qc3 f5 58. Kd2 f4 59. gxf4 Kxf4
60. Qe3+ Kf5 61. Kc3 g5 62. Kd4 Kg6 63. Qf2 Kh5 64. Qf7+ Kh6 65. Qf6+ Kh5 66.
Qg7 Kh4 67. Qh6+ Kg3 68. Qxg5+ Kxh3 69. Ke3 b2 70. Qh5+ Kg2 71. Qg6+ Kh3 72.
Qh6+ 1-0

[Event "ch-RUS Rapid 2016"]
[Site "Sochi RUS"]
[Date "2016.10.02"]
[Round "4.16"]
[White "Vitiugov, Nikita"]
[Black "Domogaev, Sergey"]
[Result "1-0"]
[WhiteTitle "GM"]
[BlackTitle "GM"]
[WhiteElo "2721"]
[BlackElo "2435"]
[WhiteFideId "4152956"]
[BlackFideId "24103608"]
[EventDate "2016.10.02"]

1. e4 e5 2. Nf3 Nc6 3. Bb5 a6 4. Ba4 Nf6 5. O-O Be7 6. Bxc6 dxc6 7. d3 Nd7 8. b3
O-O 9. Bb2 Bd6 10. Nbd2 Re8 11. Nc4 c5 12. a4 f6 13. Nh4 Nf8 14. g3 Bh3 15. Ng2
Qd7 16. f3 Be6 17. Nce3 b5 18. f4 Rad8 19. Qe2 Qc6 20. c4 bxc4 21. bxc4 exf4 22.
gxf4 Bc8 23. Nd5 Be6 24. Nge3 Rb8 25. Qg2 Rxb2 26. Qxb2 Qd7 27. Qg2 Kh8 28. f5
Bxd5 29. cxd5 Be5 30. Rae1 Qxa4 31. Nc4 Nd7 32. Kh1 Bd4 33. Rb1 Ne5 34. Nxe5
Bxe5 35. Rg1 Qd7 36. Qc2 Bd6 37. Rg4 Qe7 38. Rbg1 Rg8 39. Qg2 a5 40. Rh4 1-0

[Event "ch-RUS Rapid 2016"]
[Site "Sochi RUS"]
[Date "2016.10.02"]
[Round "4.17"]
[White "Motylev, Alexander"]
[Black "Saveljev, Vladislav"]
[Result "1-0"]
[WhiteTitle "GM"]
[BlackTitle "FM"]
[WhiteElo "2663"]
[BlackElo "2360"]
[WhiteFideId "4121830"]
[BlackFideId "4128494"]
[EventDate "2016.10.02"]

1. e4 e5 2. Nf3 Nc6 3. Bb5 a6 4. Ba4 Nf6 5. O-O b5 6. Bb3 Bb7 7. d3 Bd6 8. a3
O-O 9. Nc3 h6 10. Ne2 Re8 11. Ng3 Bf8 12. Re1 d5 13. exd5 Nxd5 14. Bd2 Qd7 15.
Ne4 Kh8 16. c4 Nb6 17. cxb5 axb5 18. Nfg5 f5 19. Nf7+ Kh7 20. Qh5 Nd5 21. Bxd5
Qxd5 22. Qxf5+ g6 23. Nf6+ Kg7 24. Nh5+ Kh7 25. Nf6+ Kg7 26. Nxe8+ Rxe8 27.
Bxh6+ Kh7 28. Qh3 Qxf7 29. Bxf8+ Kg8 30. Bc5 Qd5 31. b4 Nd8 32. Qg3 Kg7 33. Re4
Nf7 34. Rae1 Re6 35. h4 1-0

[Event "ch-RUS Rapid 2016"]
[Site "Sochi RUS"]
[Date "2016.10.02"]
[Round "4.18"]
[White "Kalinin, Michail Borisovich"]
[Black "Khismatullin, Denis"]
[Result "0-1"]
[BlackTitle "GM"]
[WhiteElo "2380"]
[BlackElo "2617"]
[WhiteFideId "4144104"]
[BlackFideId "4142578"]
[EventDate "2016.10.02"]

1. d4 Nf6 2. Nf3 d6 3. e3 g6 4. b3 Bg7 5. Bb2 O-O 6. Be2 b6 7. c4 Bb7 8. Nc3
Nbd7 9. Qc2 e5 10. dxe5 dxe5 11. O-O e4 12. Nd2 Qe7 13. Rfd1 Rad8 14. a4 a5 15.
Ba3 c5 16. Bb2 h5 17. Rac1 Rfe8 18. h3 h4 19. Nf1 Ne5 20. Rxd8 Rxd8 21. Rd1 Rxd1
22. Qxd1 Nc6 23. Nb5 Ne8 24. Bxg7 Kxg7 25. Qa1+ Ne5 26. Nh2 f5 27. f4 exf3 28.
Bxf3 Nf6 29. Bxb7 Nd3 30. e4 Qxb7 31. e5 Nh5 32. Nd6 Qe7 33. Nf3 Nhf4 34. Kh2
Ne6 35. Qd1 Ndf4 36. Nc8 Qc7 37. Nd6 Qe7 38. Qe1 Nd4 39. Nxh4 Nfe2 40. g3 Qxe5
41. Nb5 Nxb3 42. Nf3 Qb2 43. Kh1 Nbd4 44. Nd2 Nxg3+ 45. Qxg3 Qc1+ 46. Qg1 Qxd2
47. Nd6 Qe2 48. Qg2 0-1

[Event "ch-RUS Rapid 2016"]
[Site "Sochi RUS"]
[Date "2016.10.02"]
[Round "4.19"]
[White "Grachev, Boris"]
[Black "Shcherbin, Matvei"]
[Result "1/2-1/2"]
[WhiteTitle "GM"]
[BlackTitle "IM"]
[WhiteElo "2628"]
[BlackElo "2366"]
[WhiteFideId "4129199"]
[BlackFideId "24125164"]
[EventDate "2016.10.02"]

1. d4 Nf6 2. Nf3 g6 3. Bf4 Bg7 4. e3 d5 5. c4 c6 6. Nc3 O-O 7. Rc1 Bf5 8. Be2
Nbd7 9. cxd5 cxd5 10. O-O a6 11. Qb3 Qb6 12. Qa3 Rfc8 13. Ne5 Bf8 14. Na4 Qa5
15. b4 e6 16. Nxd7 Nxd7 17. g4 Be4 18. f3 Bxb4 19. Qb3 g5 20. Bxg5 Bg6 21. a3
Bf8 22. Qxb7 Rxc1 23. Rxc1 Qd2 24. Qxa8 Qxc1+ 25. Kf2 Qxa3 26. Qxa6 Qd6 27. Qxd6
Bxd6 28. Bb5 Nf8 29. h4 h5 30. Nc5 Nh7 31. Bd8 Kf8 32. Nd7+ Kg7 33. Ne5 hxg4 34.
fxg4 Nf6 35. Nxg6 fxg6 36. Kf3 Kf7 37. Bd3 Ng8 38. h5 gxh5 39. gxh5 Be7 40. Bc7
Bg5 41. Bg6+ Ke7 42. Ba5 Nh6 43. Bb4+ Kf6 44. e4 dxe4+ 45. Kxe4 Ng4 46. Bc3 Ke7
47. Bb4+ Kf6 48. Bc3 Ke7 49. Kf3 Nh6 50. Ba5 Bc1 51. Ke4 Bg5 52. Kf3 Bc1 53. Bc7
Bg5 54. Be5 Bc1 55. Bg7 Bg5 56. Ke4 Bc1 57. Kd3 Ng4 58. Kc4 Bh6 59. Bh8 Bg5 60.
Bg7 Bh6 61. Bxh6 Nxh6 62. Kd3 Kf6 63. Ke4 Ng8 64. Kf4 Nh6 65. Ke4 Ng8 66. Kd3
Nh6 67. Kc4 Ke7 68. Kc5 Ng8 69. Kc6 Nh6 70. Be4 Ng4 71. Bg2 Nh6 72. Bh3 Nf7 73.
Kc5 Nh6 74. Kc4 Nf7 75. Kd3 Nh6 76. Ke4 Kf6 77. Bf1 Nf5 78. Be2 Ng3+ 79. Kd3
Nxe2 80. Kxe2 Kg5 81. d5 exd5 1/2-1/2

[Event "ch-RUS Rapid 2016"]
[Site "Sochi RUS"]
[Date "2016.10.02"]
[Round "4.20"]
[White "Moiseenko, Vadim"]
[Black "Nesterov, Arseniy"]
[Result "1-0"]
[WhiteTitle "IM"]
[WhiteElo "2528"]
[BlackElo "2214"]
[WhiteFideId "4123700"]
[BlackFideId "24198455"]
[EventDate "2016.10.02"]

1. e4 e5 2. Nf3 Nc6 3. d4 exd4 4. Nxd4 Bb4+ 5. c3 Bc5 6. Be3 Bb6 7. Bc4 Nge7 8.
Qh5 O-O 9. O-O d6 10. Nd2 Ne5 11. Bb3 c5 12. N4f3 Bg4 13. Qh4 Nxf3+ 14. Nxf3
Bxf3 15. gxf3 Ng6 16. Qg3 Rc8 17. Bd5 c4 18. Bg5 Qc7 19. h4 Ne7 20. Bf6 Ng6 21.
h5 gxf6 22. hxg6 Qe7 23. Kg2 Qe5 24. f4 Qh5 25. gxf7+ Kh8 26. Rh1 Qe2 27. Rxh7+ 1-0

[Event "ch-RUS Rapid 2016"]
[Site "Sochi RUS"]
[Date "2016.10.02"]
[Round "5.2"]
[White "Artemiev, Vladislav"]
[Black "Gabrielian, Artur"]
[Result "1-0"]
[WhiteTitle "GM"]
[BlackTitle "GM"]
[WhiteElo "2663"]
[BlackElo "2524"]
[WhiteFideId "24101605"]
[BlackFideId "4131002"]
[EventDate "2016.10.02"]

1. Nf3 Nf6 2. g3 g6 3. b3 Bg7 4. Bb2 O-O 5. Bg2 d6 6. d4 Nbd7 7. O-O Re8 8. d5
a5 9. c4 a4 10. b4 Nb6 11. Nbd2 a3 12. Bd4 e6 13. dxe6 Bxe6 14. Rc1 c6 15. e3 h6
16. Re1 Na4 17. Qc2 Qd7 18. Red1 Bf5 19. Qb3 c5 20. bxc5 dxc5 21. Bxf6 Bxf6 22.
Ne4 Qe6 23. Nd6 Re7 24. Nxf5 Qxf5 25. Rd5 Qe6 26. Nd2 Bb2 27. Rc2 Rc7 28. Ne4
Ra6 29. Rcd2 Qb6 30. Qc2 Bg7 31. h4 Qb2 32. Qd1 Qa1 33. Rd8+ Kh7 34. Qxa1 Bxa1
35. R2d7 Rxd7 36. Rxd7 Kg8 37. Rxb7 f5 38. Nd2 Nc3 39. Bd5+ Nxd5 40. cxd5 Rd6
41. Nc4 Rxd5 42. Rb3 Bb2 43. Kg2 Rd1 44. Nxb2 axb2 45. Rxb2 Kf7 46. Rc2 Ra1 47.
h5 c4 48. hxg6+ Kxg6 49. Rxc4 Rxa2 50. g4 h5 51. gxf5+ Kxf5 52. Kg3 Ra1 53. Rc5+
Kg6 54. Rc6+ Kf5 55. f3 Rg1+ 56. Kf2 Ra1 57. Rc5+ Kg6 58. f4 h4 59. Rg5+ Kf6 60.
Rh5 Rh1 61. Kg2 Re1 62. Re5 Kg6 63. Kh2 Kh6 64. Kh3 Rh1+ 65. Kg4 Kg6 66. e4 h3
67. Rg5+ Kf7 68. Rh5 h2 69. Kf5 Ke7 70. Rh7+ Kd6 71. e5+ Kd5 72. e6 Kd6 73. Rd7+
Kc6 74. Rd2 Kc7 75. Rf2 Kd6 76. Kf6 1-0

[Event "ch-RUS Rapid 2016"]
[Site "Sochi RUS"]
[Date "2016.10.02"]
[Round "5.3"]
[White "Shaposhnikov, Evgeny"]
[Black "Popov, Ivan RUS"]
[Result "1/2-1/2"]
[WhiteTitle "GM"]
[BlackTitle "GM"]
[WhiteElo "2557"]
[BlackElo "2596"]
[WhiteFideId "4122232"]
[BlackFideId "4170350"]
[EventDate "2016.10.02"]

1. Nf3 Nf6 2. c4 e6 3. Nc3 d5 4. d4 dxc4 5. e4 Bb4 6. Bxc4 Nxe4 7. O-O Nxc3 8.
bxc3 Be7 9. Ne5 Nc6 10. Qg4 O-O 11. Bf4 f5 12. Qg3 Bd6 13. Rfe1 Nxe5 14. Bxe5
Bxe5 15. Rxe5 Kh8 16. Rae1 Qd6 17. Bxe6 Bxe6 18. Rxe6 Qxg3 19. hxg3 Kg8 20. R1e5
g6 21. f3 Rad8 22. Kf2 Rd6 23. Rxd6 cxd6 24. Re6 Rc8 25. Rxd6 Rxc3 26. Rd8+ Kf7
27. Rd7+ Ke6 28. Rxb7 Rc2+ 29. Ke3 Rxa2 30. Rxh7 1/2-1/2

[Event "ch-RUS Rapid 2016"]
[Site "Sochi RUS"]
[Date "2016.10.02"]
[Round "5.4"]
[White "Alekseev, Evgeny"]
[Black "Yuffa, Daniil"]
[Result "1/2-1/2"]
[WhiteTitle "GM"]
[BlackTitle "IM"]
[WhiteElo "2636"]
[BlackElo "2534"]
[WhiteFideId "4138147"]
[BlackFideId "24131423"]
[EventDate "2016.10.02"]

1. e4 Nf6 2. e5 Nd5 3. d4 d6 4. Nf3 dxe5 5. Nxe5 c6 6. Be2 Bf5 7. O-O Nd7 8. Bd3
Bxd3 9. Nxd3 g6 10. Nd2 Bg7 11. Nf3 O-O 12. Re1 e6 13. c3 Rc8 14. Bg5 Qc7 15.
Qd2 c5 16. Bh6 cxd4 17. Nxd4 Rfe8 18. Bxg7 Kxg7 19. Rac1 e5 20. Nb5 Qb6 21. c4
a6 22. Nc3 N5f6 23. b3 Qd4 24. Qe3 b5 25. Nb2 Qxe3 26. fxe3 b4 27. Nca4 Ne4 28.
Nd3 a5 29. Red1 Ndf6 30. Nf2 Nxf2 31. Kxf2 Ng4+ 32. Kf3 f5 33. Rd7+ Kh6 34. h3
Nf6 35. Rd6 Ne4 36. Rd5 Kg5 37. Rcd1 Kh4 38. Rxa5 Ng5+ 39. Kf2 Ne4+ 40. Kf1 Ng3+
41. Kg1 f4 42. Re1 Rcd8 43. Rd5 Rxd5 44. cxd5 fxe3 45. Rxe3 e4 46. Nb6 Rf8 47.
Re1 e3 48. Nc4 e2 49. Nd2 Kg5 50. Nf3+ Kf4 51. Kf2 Rd8 52. Nd4 Ne4+ 53. Kxe2
Rxd5 54. Kd3 Nf2+ 55. Kc4 Rd7 56. Ne2+ Ke3 57. Nd4+ Kf4 58. Ne6+ Kg3 59. Re3+
Kxg2 60. Kxb4 Nxh3 61. a4 g5 62. a5 g4 63. Nc5 Rf7 64. a6 Kf2 65. Rc3 Ng5 66.
Rc2+ Ke3 67. Ra2 Ra7 68. Kb5 h5 69. b4 h4 70. Kc4 h3 71. b5 g3 72. b6 Rxa6 73.
Rxa6 h2 74. b7 h1=Q 75. b8=Q Qf1+ 76. Kb4 Qe1+ 77. Kc4 Qf1+ 78. Kd5 Qf3+ 79. Kc4
Qf1+ 1/2-1/2

[Event "ch-RUS Rapid 2016"]
[Site "Sochi RUS"]
[Date "2016.10.02"]
[Round "5.5"]
[White "Sharafiev, Azat"]
[Black "Riazantsev, Alexander"]
[Result "1/2-1/2"]
[WhiteTitle "IM"]
[BlackTitle "GM"]
[WhiteElo "2418"]
[BlackElo "2651"]
[WhiteFideId "4186214"]
[BlackFideId "4125029"]
[EventDate "2016.10.02"]

1. Nf3 d5 2. d4 Nf6 3. c4 e6 4. Nc3 c6 5. Bg5 h6 6. Bxf6 Qxf6 7. Qb3 dxc4 8.
Qxc4 Nd7 9. e3 g6 10. Ne4 Qe7 11. Ne5 Bg7 12. f4 O-O 13. Be2 Kh7 14. O-O f5 15.
Nxd7 Bxd7 16. Nc5 b6 17. Nxd7 Qxd7 18. Rac1 Rac8 19. b4 Rc7 20. Bf3 Rfc8 21.
Rfd1 Qe7 22. Rc2 c5 23. dxc5 bxc5 24. b5 e5 25. Bc6 exf4 26. exf4 Rd8 27. Rxd8
Qxd8 28. Re2 Qd1+ 29. Kf2 Bd4+ 30. Kg3 Rg7 31. Qc2 Qh1 32. Kh3 Qa1 33. Qd3 Qc1
34. Qd2 Qf1 35. Re1 Qc4 36. g3 Qa4 37. Re6 Qc4 38. Qe2 Qc1 39. Bd5 Qb1 40. Kg2
Qg1+ 41. Kh3 Qb1 42. Kg2 Qg1+ 43. Kh3 Qb1 44. Kg2 Qg1+ 1/2-1/2

[Event "ch-RUS Rapid 2016"]
[Site "Sochi RUS"]
[Date "2016.10.02"]
[Round "5.6"]
[White "Rakhmanov, Aleksandr"]
[Black "Matlakov, Maxim"]
[Result "0-1"]
[WhiteTitle "GM"]
[BlackTitle "GM"]
[WhiteElo "2662"]
[BlackElo "2691"]
[WhiteFideId "4173708"]
[BlackFideId "4168003"]
[EventDate "2016.10.02"]

1. c4 Nf6 2. Nc3 e6 3. e4 d5 4. exd5 exd5 5. d4 Bb4 6. Bd3 O-O 7. Ne2 dxc4 8.
Bxc4 Nbd7 9. O-O Nb6 10. Bb3 Bf5 11. Ng3 Bg6 12. f4 h6 13. f5 Bh7 14. Bf4 Nbd5
15. Nxd5 Nxd5 16. Bd2 Bd6 17. Qf3 Nf6 18. Rae1 c6 19. Nh5 Nxh5 20. Qxh5 Qf6 21.
Bc3 Rae8 22. Rxe8 Rxe8 23. d5 Be5 0-1

[Event "ch-RUS Rapid 2016"]
[Site "Sochi RUS"]
[Date "2016.10.02"]
[Round "5.7"]
[White "Pridorozhni, Aleksei"]
[Black "Paravyan, David"]
[Result "0-1"]
[WhiteTitle "GM"]
[BlackTitle "IM"]
[WhiteElo "2579"]
[BlackElo "2528"]
[WhiteFideId "4127870"]
[BlackFideId "4194985"]
[EventDate "2016.10.02"]

1. e4 c5 2. Nc3 Nc6 3. Bb5 d6 4. Bxc6+ bxc6 5. d3 g6 6. f4 Bg7 7. Nf3 Nf6 8. O-O
O-O 9. Qe1 d5 10. e5 Ne8 11. Na4 c4 12. dxc4 Ba6 13. b3 dxc4 14. Rf2 Nc7 15. Nc5
Qc8 16. Ba3 Bb5 17. Nd2 Ne6 18. Nde4 Rd8 19. Rd1 Nxc5 20. Bxc5 Qg4 21. Rxd8+
Rxd8 22. Rd2 Rd5 23. Qe3 Qd7 24. a4 Ba6 25. Rxd5 cxd5 26. Ng5 Qf5 27. Bxe7 h6
28. Nf3 Qxc2 29. bxc4 dxc4 30. Qxa7 Qd1+ 31. Kf2 Qxa4 32. Qa8+ Kh7 33. Qd5 c3
34. Qxf7 Bc4 35. e6 Qa2+ 36. Kg3 Bxe6 37. Qe8 c2 38. Qc6 Qb2 39. Ba3 Qxa3 40.
Qxc2 Bf5 41. Qc4 Qe3 42. h3 Qd3 43. Qxd3 Bxd3 44. Kf2 Be4 45. g4 Bf8 46. h4 Bd6
47. Ke3 Bb7 48. Nd2 Be7 49. g5 h5 50. Nb3 Kg7 51. Kd4 Bd6 52. Na5 Bc8 53. Ke3
Kf7 54. Nc4 Bc7 55. Kf3 Ke6 56. Ne3 Bb7+ 57. Kg3 Be4 58. Nc4 Kd5 59. Nd2 Kd4 60.
Nb3+ Ke3 61. Nc5 Bxf4+ 62. Kh3 Bf5+ 63. Kg2 Bd6 64. Nb3 Bb4 65. Nc1 Be6 66. Kg3
Ba3 0-1

[Event "ch-RUS Rapid 2016"]
[Site "Sochi RUS"]
[Date "2016.10.02"]
[Round "5.8"]
[White "Dreev, Aleksey"]
[Black "Nechaev, Oleg"]
[Result "1-0"]
[WhiteTitle "GM"]
[BlackTitle "FM"]
[WhiteElo "2660"]
[BlackElo "2358"]
[WhiteFideId "4100107"]
[BlackFideId "24113409"]
[EventDate "2016.10.02"]

1. d4 Nf6 2. Nf3 g6 3. g3 Bg7 4. Bg2 c5 5. c4 O-O 6. Nc3 cxd4 7. Nxd4 Nc6 8. O-O
Nxd4 9. Qxd4 d6 10. Qd3 Qa5 11. Bd2 Qh5 12. h4 Rb8 13. Bg5 h6 14. Bf3 Bg4 15.
Bxf6 Bxf6 16. Nd5 Bxf3 17. exf3 Rfe8 18. Rae1 Kg7 19. Nxf6 exf6 20. Re4 Rxe4 21.
fxe4 Qc5 22. Rd1 Rc8 23. b3 Rc6 24. Kg2 a6 25. Qd5 Qxd5 26. Rxd5 Kf8 27. Kf3 Ke7
28. Ke3 Ke6 29. Kd4 b6 30. f4 Rc8 31. b4 Rc7 32. a4 f5 33. e5 dxe5+ 34. Rxe5+
Kd6 35. Rd5+ Kc6 36. c5 Kb7 37. Rd6 bxc5+ 38. bxc5 Re7 39. Rb6+ Ka7 40. a5 Re4+
41. Kd5 Re3 42. c6 Rd3+ 43. Kc4 Rxg3 44. c7 1-0

[Event "ch-RUS Rapid 2016"]
[Site "Sochi RUS"]
[Date "2016.10.02"]
[Round "5.9"]
[White "Kryakvin, Dmitry"]
[Black "Dubov, Daniil"]
[Result "0-1"]
[WhiteTitle "GM"]
[BlackTitle "GM"]
[WhiteElo "2554"]
[BlackElo "2648"]
[WhiteFideId "4153278"]
[BlackFideId "24126055"]
[EventDate "2016.10.02"]

1. d4 e6 2. c4 c5 3. d5 exd5 4. cxd5 d6 5. Nc3 g6 6. Nf3 Bg7 7. Nd2 f5 8. Nc4
Nh6 9. Qa4+ Kf8 10. Qc2 Nf7 11. g3 Nd7 12. Bg2 Nde5 13. Nxe5 Nxe5 14. O-O Bd7
15. a4 Qe7 16. b3 Kf7 17. Bb2 h5 18. h3 h4 19. e4 hxg3 20. fxg3 Kg8 21. exf5
Bxf5 22. Rxf5 gxf5 23. Qxf5 Rf8 24. Qe4 Qd7 25. Rf1 Rxf1+ 26. Bxf1 Qf7 27. Bg2
Qg6 28. Qxg6 Nxg6 29. Nd1 Bd4+ 30. Kf1 Kg7 31. Ke2 Re8+ 32. Kd2 Bxb2 33. Nxb2
Ne5 34. Nd1 c4 35. b4 a5 36. bxa5 Ra8 37. Nc3 Rxa5 38. Be4 Nd7 39. Ke3 Nb6 40.
Nb5 Rxa4 41. Nxd6 c3 42. Nf5+ Kf6 43. Nd4 Ke5 44. Nf3+ Kd6 45. Bc2 Nxd5+ 46. Kd3
Ra2 47. Nd4 Kc5 48. h4 Ra8 49. Bb3 Re8 50. Bxd5 Kxd5 51. Nb5 c2 52. Nc3+ Kc5 53.
Kxc2 Kc4 54. Kd2 b5 55. h5 Rd8+ 56. Kc2 b4 57. Nd1 b3+ 58. Kc1 Kb4 59. Nb2 Ka3
60. g4 Ka2 61. Na4 Rd4 62. Nc3+ Ka1 63. g5 b2+ 64. Kc2 Rc4 0-1

[Event "ch-RUS Rapid 2016"]
[Site "Sochi RUS"]
[Date "2016.10.02"]
[Round "5.10"]
[White "Matinian, Nikita"]
[Black "Vitiugov, Nikita"]
[Result "1-0"]
[WhiteTitle "IM"]
[BlackTitle "GM"]
[WhiteElo "2495"]
[BlackElo "2721"]
[WhiteFideId "24129100"]
[BlackFideId "4152956"]
[EventDate "2016.10.02"]

1. e4 c6 2. d4 d5 3. e5 Bf5 4. Nf3 e6 5. Be2 Nd7 6. O-O h6 7. Nbd2 Ne7 8. Nb3
Bg6 9. a4 Nf5 10. Bd2 Be7 11. g4 Nh4 12. Nxh4 Bxh4 13. f4 O-O 14. f5 Bh7 15. Bd3
Qe7 16. Qe2 f6 17. exf6 Nxf6 18. Be1 Ne4 19. Bxe4 dxe4 20. Bxh4 Qxh4 21. fxe6
Rf3 22. Rxf3 Qxg4+ 23. Qg2 Qxf3 24. Qxf3 exf3 25. c4 Bd3 26. Rc1 b6 27. d5 c5
28. Rc3 Bf5 29. Rxf3 g6 30. Nd2 Kg7 31. Nf1 Rf8 32. Ne3 Bd3 33. e7 Rh8 1-0

[Event "ch-RUS Rapid 2016"]
[Site "Sochi RUS"]
[Date "2016.10.02"]
[Round "5.11"]
[White "Savchenko, Boris"]
[Black "Glek, Igor"]
[Result "0-1"]
[WhiteTitle "GM"]
[BlackTitle "GM"]
[WhiteElo "2613"]
[BlackElo "2377"]
[WhiteFideId "4147332"]
[BlackFideId "4100484"]
[EventDate "2016.10.02"]

1. e4 e6 2. d4 d5 3. Nc3 Nf6 4. Bg5 dxe4 5. Nxe4 Be7 6. Bxf6 gxf6 7. Qd2 b6 8.
Be2 Bb7 9. Bf3 c6 10. Ng3 f5 11. Nh5 Rg8 12. Ne2 Nd7 13. O-O Qc7 14. Qh6 O-O-O
15. Qxh7 Rdf8 16. Nef4 Bg5 17. Nh3 Nf6 18. Nxf6 Bxf6 19. Qh6 Bxd4 20. c3 Be5 21.
Rad1 Bxh2+ 22. Kh1 Rh8 23. Qe3 Bf4 24. Qd3 Rh7 25. Rfe1 Rfh8 26. Kg1 Kb8 27. b4
Qc8 28. c4 Qg8 29. Kf1 Bc7 30. b5 Rxh3 31. gxh3 Rxh3 32. Qe2 cxb5 33. Bxb7 Kxb7
34. Qc2 Qg4 0-1

[Event "ch-RUS Rapid 2016"]
[Site "Sochi RUS"]
[Date "2016.10.02"]
[Round "5.12"]
[White "Oganian, Miran"]
[Black "Motylev, Alexander"]
[Result "0-1"]
[WhiteTitle "IM"]
[BlackTitle "GM"]
[WhiteElo "2450"]
[BlackElo "2663"]
[WhiteFideId "4122488"]
[BlackFideId "4121830"]
[EventDate "2016.10.02"]

1. d4 g6 2. c4 Bg7 3. Nc3 e6 4. Nf3 Ne7 5. g3 O-O 6. Bg2 d5 7. cxd5 exd5 8. O-O
Nbc6 9. Bf4 Bg4 10. Ne5 Nxe5 11. Bxe5 f6 12. Bf4 g5 13. Bd2 c6 14. Qc2 Qd7 15.
Rfe1 h6 16. e4 dxe4 17. Nxe4 Nd5 18. Nc5 Qf7 19. Qb3 b6 20. Nd3 a5 21. Rac1 Bd7
22. Qa3 Rfd8 23. Qb3 Rac8 24. a4 Bf5 25. Red1 Kh8 26. Ne1 Bg4 27. Nf3 Qd7 28.
Re1 Be6 29. Qd3 Bf5 30. Qb3 Be6 31. Qd3 Re8 32. h4 Bf5 33. Qb3 Bf8 34. hxg5 hxg5
35. Nh2 Bb4 36. Nf1 Kg7 37. Bxd5 Qxd5 38. Qxd5 cxd5 39. Bxb4 axb4 40. Ne3 Be4
41. g4 Rxc1 42. Rxc1 Rh8 43. Nf5+ Kg6 44. Ng3 Bf3 45. Rc6 Bxg4 46. Rxb6 Bf3 47.
a5 Rc8 48. a6 Rc1+ 49. Kh2 Ra1 50. Rxb4 Rxa6 51. Nf1 Kf5 52. Kg3 Be2 53. Nd2 Ra1
54. f3 Rd1 55. Nb3 Rd3 56. Nc1 Rxf3+ 57. Kg2 Bd1 58. Na2 Rd3 59. Nc3 Bf3+ 60.
Kf2 g4 61. Rb6 Rxd4 62. Ke3 Rc4 63. Nb5 Re4+ 64. Kd2 Ke5 65. Nd6 Re2+ 66. Kd3 g3
67. Nf7+ Kf5 68. Nd6+ Kg6 69. Rb8 g2 70. Rg8+ Kh7 71. Rg3 Re1 72. Rh3+ Kg8 73.
Rg3+ Kf8 0-1

[Event "ch-RUS Rapid 2016"]
[Site "Sochi RUS"]
[Date "2016.10.02"]
[Round "5.13"]
[White "Khismatullin, Denis"]
[Black "Moiseenko, Vadim"]
[Result "0-1"]
[WhiteTitle "GM"]
[BlackTitle "IM"]
[WhiteElo "2617"]
[BlackElo "2528"]
[WhiteFideId "4142578"]
[BlackFideId "4123700"]
[EventDate "2016.10.02"]

1. d4 Nf6 2. c4 b6 3. Nc3 Bb7 4. Qc2 d5 5. cxd5 Nxd5 6. Nf3 Nxc3 7. bxc3 g6 8.
e4 Bg7 9. h4 h6 10. Be3 Nd7 11. Rd1 e6 12. e5 Qe7 13. Bd3 Rc8 14. Be4 Bxe4 15.
Qxe4 c6 16. a4 Qa3 17. O-O Qxc3 18. Rc1 Qb3 19. Rxc6 Rxc6 20. Qxc6 Qd5 21. Rc1
Qxc6 22. Rxc6 Kd8 23. Nd2 Nb8 24. Rc3 Bf8 25. Ne4 Be7 26. g3 Kd7 27. Bc1 Nc6 28.
Rf3 Ke8 29. Rc3 Kd7 30. Rf3 Ke8 31. Bb2 Nb4 32. Ba3 Nd5 33. Bd6 Rf8 34. a5 f5
35. axb6 axb6 36. Bxe7 Kxe7 37. Nd6 Ra8 38. h5 gxh5 39. Rb3 Ra4 40. Nc8+ Kf7 41.
Nxb6 Rxd4 42. Nc8 h4 43. Rb7+ Kg6 44. Ne7+ Kh5 45. gxh4 Nf4 46. Ng8 Kxh4 47.
Nxh6 Rd1+ 48. Kh2 Rd2 49. Kg1 Rd1+ 50. Kh2 Rd2 51. Kg1 Nh3+ 52. Kf1 Rxf2+ 53.
Ke1 Ra2 54. Rg7 Ng5 55. Kf1 Ra5 56. Kf2 Rxe5 57. Rg8 Ra5 58. Rh8 Ne4+ 59. Ke3
Kg5 60. Nf7+ Kf6 61. Nd8 Ra3+ 62. Ke2 Ke5 63. Nc6+ Kd5 64. Nb4+ Kd6 65. Rd8+ Ke7
66. Nc6+ Kf7 67. Rh8 f4 68. Ne5+ Kf6 69. Nd3 Ng3+ 70. Kd2 Ra2+ 71. Kd1 Ne2 72.
Rf8+ Ke7 73. Rc8 f3 74. Nb4 f2 0-1